Combined flexure and torsion of a class of heated thin wings : a large-deflection analysis /

Bibliographic Details
Main Author: Mansfield, Eric Harold, 1923-
Format: Book
Language:English
Published: London : Her Majesty's Stationery Office, 1961.
Series:Reports and memoranda (Aeronautical Research Council (Great Britain)) ; no. 3195.
Subjects:

MARC

Tag First Indicator Second Indicator Subfields
LEADER 00000cam a2200000 4500
001 in00000096870
005 20150925090522.0
008 800401s1961 enka b f00010 eng d
035 |a (OCoLC)06157107 
035 |9 AAL2583AM 
040 |a TXA  |c TXA  |d UtOrBLW 
049 |a TXAM  |c [711022] 
090 |a TL526.G7  |b A4 no. 3195 
100 1 |a Mansfield, Eric Harold,  |d 1923- 
245 1 0 |a Combined flexure and torsion of a class of heated thin wings :  |b a large-deflection analysis /  |c by E. H. Mansfield. 
264 1 |a London :  |b Her Majesty's Stationery Office,  |c 1961. 
300 |a 29 pages :  |b illustrations 
336 |a text  |b txt  |2 rdacontent 
337 |a unmediated  |b n  |2 rdamedia 
338 |a volume  |b nc  |2 rdacarrier 
490 1 |a [Great Britain] Aeronautical Research Council. Reports and memoranda,  |v no. 3195 
500 |a Cover title. 
504 |a Bibliography: page 15. 
650 0 |a Aerodynamic heating. 
650 0 |a Aerodynamics. 
650 0 |a Airplanes  |x Wings. 
830 0 |a Reports and memoranda (Aeronautical Research Council (Great Britain)) ;  |v no. 3195. 
999 |a MARS 
999 f f |s 12c8abaa-5f0c-3e1d-a70f-781e747a1ee6  |i 3497a28a-90fe-3bd0-85b3-da901bd9a3dd  |t 0 
952 f f |p ric  |a Texas A&M University  |b Rellis Campus  |c Joint Library Facility  |d Remote Storage  |t 0  |e TL526.G7 A4 no. 3195  |h Library of Congress classification  |i unmediated -- volume  |m A14805534954 
998 f f |a TL526.G7 A4 no. 3195  |t 0  |l Remote Storage